| Record ID | marc_records_scriblio_net/part02.dat:37345918:996 |
| Source | Scriblio |
| Download Link | /show-records/marc_records_scriblio_net/part02.dat:37345918:996?format=raw |
LEADER: 00996cam 22002531 4500
001 14030068
003 DLC
005 20050909203209.0
008 820303s1914 dcu f000 0 eng
010 $a 14030068
035 $a(OCoLC)8207196
040 $aDLC$cVi$dVi$dDLC
042 $apremarc
050 00 $aJK2274.N3$bN7
086 0 $aY 1.3:N 814
100 1 $aNorris, George W.$q(George William),$d1861-1944.
245 12 $aA nonpartisan party.$bAn address before the first National Conference on Popular Government, held at Memorial Continental Hall, Washington, D.C., December 6, 1913,$cby George W. Norris ...
260 $aWashington$b[Govt. Print. Off.]$c1914.
300 $a8 p.$c24 cm.
490 0 $a[U.S.] 63rd Cong., 2nd sess. Senate. Doc.$v372
500 $aPresented by Mr. Clapp. Ordered printed January 20, 1914.
500 $aIncludes references to the National Popular Government League.
610 20 $aNational Popular Government League.
650 0 $aPolitical parties$zUnited States.